000
00257nam a2200097Ia 4500
001
652816
005
20250826154445.0
008
250824s9999 xx 000 0 und d
245
0
_a
VENEDİK TACİRİ ANTİK
_c
SHAKESPEARE
260
_b
ANTİK DÜNYA KLASİKLERİ
999
_c
652816
_d
652816